[Event "Udaipur Lakecity blitz op 1st"]
[Site "Udaipur"]
[Date "2019.09.16"]
[Round "7"]
[White "Mehdi, Hasan Parag"]
[Black "Eraschenkov, Denis"]
[Result "1-0"]
[WhiteElo "2232"]
[BlackElo "2435"]
[PlyCount "90"]
[EventDate "2019.09.16"]
[EventType "swiss (blitz)"]
[EventRounds "9"]
[EventCountry "IND"]
[SourceTitle "EXT 2020"]
[Source "ChessBase"]
[SourceDate "2019.10.17"]
[SourceVersion "1"]
[SourceVersionDate "2019.10.17"]
[SourceQuality "1"]

1. e4 d5 2. exd5 Qxd5 3. Nc3 Qd6 4. Nf3 Nf6 5. g3 Bg4 6. Bg2 c6 7. 0-0 Nbd7 8. d4 e6 9. Bf4 Qb4 10. Qd2 Be7 11. a3 Qb6 12. Na4 Qa6 13. b3 0-0 14. c4 b5 15. cxb5 cxb5 16. Nc5 Bxc5 17. dxc5 Nxc5 18. Ne5 Rac8 19. Qb4 Be2 20. Rfe1 Bh5 21. Rac1 Nfd7 22. Bf1 Qb6 23. Nxd7 Nxd7 24. Qxb5 Qxb5 25. Bxb5 Nb6 26. Bc6 Nd5 27. Bxd5 exd5 28. Be3 a6 29. Bd4 Bf3 30. h3 f6 31. g4 Kf7 32. Kh2 Be4 33. Kg3 h5 34. f3 Bd3 35. b4 Rh8 36. Rxc8 h4+ 37. Kf2 Rxc8 38. Bc5 Rc7 39. Ke3 Bb5 40. Kd4 Rd7 41. f4 g6 42. Re3 Bf1 43. a4 g5 44. fxg5 fxg5 45. Rf3+ Ke8 1-0

[Event "Udaipur Lakecity rapid op 1st"]
[Site "Udaipur"]
[Date "2019.09.15"]
[Round "8"]
[White "Eraschenkov, Denis"]
[Black "Mitrabha, Guha"]
[Result "1/2-1/2"]
[WhiteElo "2390"]
[BlackElo "2414"]
[PlyCount "92"]
[EventDate "2019.09.14"]
[EventType "swiss (rapid)"]
[EventRounds "9"]
[EventCountry "IND"]
[SourceTitle "EXT 2020"]
[Source "ChessBase"]
[SourceDate "2019.10.17"]
[SourceVersion "1"]
[SourceVersionDate "2019.10.17"]
[SourceQuality "1"]

1. e4 c6 2. d4 d5 3. exd5 cxd5 4. c4 Nf6 5. Nc3 Nc6 6. Bg5 Ne4 7. Nxe4 dxe4 8. d5 Ne5 9. Qd4 f6 10. Qxe4 Qb6 11. 0-0-0 Ng4 12. Be3 Nxe3 13. Qxe3 Qxe3+ 14. fxe3 e5 15. Ne2 Bc5 16. Kd2 Bd7 17. a3 a5 18. Nc3 f5 19. Bd3 Ke7 20. Rhf1 Rhf8 21. Rb1 a4 22. Bc2 Ra6 23. g3 h5 24. e4 g6 25. exf5 gxf5 26. Rbe1 e4 27. Rf4 Kd8 28. Ref1 Re8 29. Rxf5 e3+ 30. Ke2 Rb6 31. Nd1 Bxf5 32. Rxf5 h4 33. Bxa4 Rg8 34. b4 hxg3 35. hxg3 Bd4 36. Rf4 Be5 37. Re4 Bxg3 38. Bb5 Rh6 39. Nxe3 Rh2+ 40. Kd3 Be1 41. Nf1 Rh3+ 42. Re3 Rgh8 43. c5 Bf2 44. Rxh3 Rxh3+ 45. Kc4 Rb3 46. Nd2 Rh3 1/2-1/2

[Event "Udaipur Lakecity rapid op 1st"]
[Site "Udaipur"]
[Date "2019.09.14"]
[Round "1"]
[White "Sourath, Biswas"]
[Black "Eraschenkov, Denis"]
[Result "1-0"]
[WhiteElo "1932"]
[BlackElo "2390"]
[PlyCount "111"]
[EventDate "2019.09.14"]
[EventType "swiss (rapid)"]
[EventRounds "9"]
[EventCountry "IND"]
[SourceTitle "EXT 2020"]
[Source "ChessBase"]
[SourceDate "2019.10.17"]
[SourceVersion "1"]
[SourceVersionDate "2019.10.17"]
[SourceQuality "1"]

1. Nf3 Nf6 2. g3 b6 3. Bg2 Bb7 4. c4 c5 5. 0-0 e6 6. b3 Be7 7. Bb2 0-0 8. Nc3 d6 9. e3 a6 10. d4 cxd4 11. exd4 Nbd7 12. Re1 Rc8 13. Qd3 Re8 14. Rad1 Qc7 15. Qb1 Qb8 16. d5 e5 17. Ng5 Bf8 18. Bh3 g6 19. Nge4 Rcd8 20. f4 exf4 21. gxf4 Nh5 22. Ne2 f5 23. Ng5 Ndf6 24. Bxf6 Nxf6 25. Nd4 Rxe1+ 26. Rxe1 Re8 27. Nge6 b5 28. Bxf5 Qa7 29. Bh3 Bh6 30. Rf1 Nxd5 31. cxd5 Bxd5 32. Rf2 Bg7 33. Nxg7 Qxg7 34. Qd3 Be4 35. Qd2 Qf6 36. Qe3 Kg7 37. f5 d5 38. Ne6+ Kg8 39. fxg6 Qxg6+ 40. Qg5 Rc8 41. Qxg6+ hxg6 42. Ng5 Rc1+ 43. Rf1 Rc3 44. Be6+ Kg7 45. h4 Rc7 46. Nxe4 dxe4 47. Re1 Rc2 48. b4 Kf6 49. Rxe4 Rb2 50. Bb3 Kf5 51. Rd4 Ke5 52. Rd5+ Kf4 53. Rg5 Kf3 54. Rxg6 Rb1+ 55. Kh2 Rb2+ 56. Kh3 1-0

[Event "RUS-ch Higher League 72nd"]
[Site "Yaroslavl"]
[Date "2019.07.06"]
[Round "9"]
[White "Belozerov, Andrei"]
[Black "Eraschenkov, Denis"]
[Result "0-1"]
[WhiteElo "2533"]
[BlackElo "2379"]
[PlyCount "194"]
[EventDate "2019.06.27"]
[EventType "swiss"]
[EventRounds "9"]
[EventCountry "RUS"]
[SourceTitle "CBM 191 Extra"]
[Source "ChessBase"]
[SourceDate "2019.09.30"]
[SourceVersion "1"]
[SourceVersionDate "2019.09.30"]
[SourceQuality "1"]

1. e4 e5 2. Nf3 Nf6 3. Nxe5 d6 4. Nf3 Nxe4 5. Qe2 Qe7 6. d3 Nf6 7. Bg5 Nbd7 8. Nc3 Qxe2+ 9. Bxe2 c6 10. 0-0-0 Be7 11. Rde1 0-0 12. Bd1 Bd8 13. h3 d5 14. g4 Bc7 15. Nd4 Nc5 16. Nce2 Ne6 17. Be3 Nxd4 18. Nxd4 Bd7 19. g5 Ne8 20. Bg4 Rd8 21. Nb3 f5 22. Bf3 b6 23. h4 Bd6 24. Bd4 Nc7 25. Be5 Bxe5 26. Rxe5 Rde8 27. Rhe1 Rxe5 28. Rxe5 Re8 29. Rxe8+ Nxe8 30. Kd2 Kf7 31. Nd4 Ke7 32. b4 Kd6 33. c3 Ke5 34. Bd1 Kd6 35. f4 Nc7 36. Ba4 g6 37. Bb3 Ne6 38. Ne2 c5 39. bxc5+ bxc5 40. Ke3 Bb5 41. Bc2 a5 42. Bd1 Nc7 43. Bb3 Ne6 44. Bc2 Nc7 45. Bd1 Ne6 46. Bb3 c4 47. dxc4 dxc4 48. Bd1 Kc5 49. Ng1 Bc6 50. h5 Nc7 51. Kd2 Be4 52. hxg6 hxg6 53. Ba4 Nd5 54. Ne2 Bd3 55. Nd4 Nxf4 56. Be8 Be4 57. Bf7 Bd5 58. Be8 Kd6 59. Ne2 Nh3 60. Bxg6 Ke5 61. Nd4 f4 62. Be8 Nxg5 63. Bg6 Ne4+ 64. Bxe4 Kxe4 65. Ke2 Bf7 66. Nc6 Bh5+ 67. Kf2 a4 68. Nb4 Bg4 69. Nc6 Bd1 70. Nb4 a3 71. Ke1 Ba4 72. Ke2 f3+ 73. Kf2 Bb3 74. Ke1 Kf4 75. Kf2 Kg4 76. Nd5 Bxa2 77. Ne3+ Kf4 78. Nc2 Ke4 79. Nxa3 Bb3 80. Nb5 Bd1 81. Nc7 Kd3 82. Nd5 Be2 83. Ke1 Kc2 84. Kf2 Kd2 85. Kg3 Ke1 86. Ne3 Bd1 87. Ng4 Ke2 88. Nf2 Ke1 89. Ne4 Ke2 90. Nf2 Kd2 91. Kf4 Be2 92. Ne4+ Kd3 93. Nc5+ Kxc3 94. Ke3 Kb4 95. Ne4 c3 96. Kd4 c2 97. Nc3 Kb3 0-1